Vierlinge - Statistiken

Allgemein
  • Dieses Quiz wurde 63 mal gespielt
    26 seit der letzten Aktualisierung
  • Das Durchschnittsergebnis liegt bei 19 aus 40
Antwortstatistiken
Antwort % Korrekt
Berlin
96%
Hamburg
96%
Hamburg
96%
München
96%
Schwarz
88%
Köln
84%
Gelb
68%
Klößchen
68%
Niedersachsen
68%
Magenta
64%
Salazar
64%
Schleswig-Holstein
64%
Cyan
60%
Mecklenburg-Vorpommern
60%
Tim
60%
Karl
56%
Pikachu
56%
Gabi
52%
Helga
52%
Godric
48%
Bisasam
44%
Björn
44%
Glumanda
44%
Schiggy
32%
Tod
32%
Hunger
28%
Rowena
28%
Benny
24%
Krieg
24%
Agnetha
20%
Anni-Frid
20%
Bronzezeit
20%
Adenin
16%
Cytosin
16%
Guanin
16%
Thymin
16%
Altsteinzeit
12%
Eisenzeit
12%
Jungsteinzeit
12%
Pestilenz
4%
Keine übereinstimmenden Quizze gefunden
Verteilung der Resultate
Anzahl Personen mit jedem Resultat
Perzentil nach korrekt beantworteten Fragen
Ihre Resultats-Entwicklung
Sie haben dieses Quiz seit der letzten Aktualisierung nicht gespielt